00939nam a2200253 a 4500001001000000003000300010005001700013008004100030010001700071020002200088040002200110042001100132100001900143245009800162260005900260300002100319600001900340650003900359651002200398856007600420942000800496999001700504952016400521013361622Uk20170619150144.0050817s2005 ke 000 0 eng  a 2005326509 a9966080619 (pbk.) aDLCbengcDLCdUk aukblsr1 aAkol, Jacob J.10aI will go the distance :bthe story of a "lost" Sudanese boy of the sixties /cJacob J. Akol. aNairobi, Kenya :bPaulines Publications Africa,c2005. a288 p. ;c21 cm.10aAkol, Jacob J. 0aDinka (African people)vBiography. 0aSudanvBiography.413Table of contentsuhttp://www.loc.gov/catdir/toc/fy0605/2005326509.html 2ddc c63879d63853 00102lcc40708SPEaCPLbCPLcSd2016-06-21eDonation-SIL Sudan Libraryg30.00l0oS DT 155.2.D56A38 2005pR35141M3232r2019-09-26 00:00:00t1w2017-08-31yS